| 000 | 00349 a2200109 4500 | ||
|---|---|---|---|
| 020 | _a0750674024 | ||
| 082 | _a620.112 PAT | ||
| 100 | _aPatnaik, Surya | ||
| 245 |
_aStrength of Materials A New Unified Theory for the 21st Century _cSurya Patnaik, Dale Hopkins |
||
| 260 |
_aAmsterdam : _bElsevier, _c2003 |
||
| 300 |
_axxi, 750p. : _bill . ; _c25 cm |
||
| 650 | _aStrength of Materials | ||
| 999 |
_c814 _d814 |
||